000 00322nam a2200109Ia 4500
008 220120s9999||||xx |||||||||||||| ||und||
100 _aMurthy, Trymbaka, S
245 0 _aText book of mechanical engineering
260 _aIK international
_bNew York
_c2007
300 _aXIV,706p
_b0
650 _aELECTRONICS AND COMMUNICATIONS
999 _c132394
_d132394